Дело по высочайшему повелению о предписании академику Остроградскому заняться применением теоретических исследований Пуассона к ...

Доступно только в Электронных читальных залах Найти на картеНа карте
RUSMARC
00003657nmc2a22002413x 450
00169289718-9dea-4855-a8f9-d4ac414a4e17
00520250620153435.0
100##$a20241203l18391841k l0rusy0189 ca
1010#$arus
102##$aRU
105##$ay###
1222#$ad
2001#$aДело по высочайшему повелению о предписании академику Остроградскому заняться применением теоретических исследований Пуассона к стрельбе регулированными гранатами
$j3 июля 1839 г. - 13 января 1841 г.
215##$a16 л.
$d36,5х26 см
251##$cДело
300##$aНа обложке указано: "№72"
371##$aДокумент не является опубликованным и широко распространяемым
461#0$10012b5b8419-5ce4-4d16-a7a3-85720a295f1f
$12001
$aКанцелярия министра народного просвещения
$1251
$cФонд
$1852
$j735
462#0$1001562cc287-b13c-4f02-8029-f81535ba1e2e
$12001
$aКанцелярия министра народного просвещения
$1251
$cОпись
$1852
$j2
801#0$aRU
$bРГИА
$c20241203
$gRCR
801#1$aRU
$bГлавНИВЦ
$c20241203
$2rusmarc
801#2$aRU
$bПБ им. Б.Н. Ельцина
$c20250620
$gRCR
$2rusmarc
850##$aРГИА
852##$aРГИА
$eФедеральное казенное учреждение "Российский государственный исторический архив" (РГИА)
$j115
937##$hРГИА
$d12420792
$aASBIBLIO_SCAN
035##$aRusGRCC00082888
856##$uhttp://readingroom.main.prlib.ru/item.aspx?id_node=n196812265&mode=full
Формат отображения